00609nam a2200193 i 4500003000900000005001700009007000300026008004100029040003000070082000700100245008700107250001300194264004600207300002800253336002700281337003300308338002800341700004600369DO-SdBNP20250307073709.0ta100316s1967 ag 000 spa d aDO-SdBNPbspacBNPHUerda 422210aGramática castellana :bsegundo curso /cAmado Alonso, Pedro Henríquez Ureña a22a. ed. aBuenos Aires, Argentina :bLosada,c1967. a240 páginas ;c21 cm. 2rdacontentatextobtxt 2rdamediaasin mediaciónbn 2rdacarrieravolumenbnc1 aHenríquez Ureña, Pedro,d1884-1946